[Event "Mittelrhein-ch"]
[Site "Dueren"]
[Date "2010.06.02"]
[Round "1"]
[White "Schuetz, Hans Joachim"]
[Black "Hess, Christian1"]
[Result "0-1"]
[WhiteElo "1964"]
[BlackElo "2140"]
[PlyCount "78"]
[EventDate "2010.06.02"]
[EventType "swiss"]
[EventRounds "5"]
[EventCountry "GER"]
[SourceTitle "CBM 137 Extra"]
[Source "ChessBase"]
[SourceDate "2010.09.01"]
[SourceVersion "1"]
[SourceVersionDate "2010.09.01"]
[SourceQuality "1"]

1. e4 c5 2. Nf3 Nc6 3. d4 cxd4 4. Nxd4 Nf6 5. Nc3 e5 6. Ndb5 d6 7. Nd5 Nxd5 8. exd5 Nb8 9. Qf3 a6 10. Qa3 b6 11. c4 Bb7 12. Nc3 Be7 13. Be3 Nd7 14. b4 0-0 15. Be2 f5 16. f3 Kh8 17. Rb1 Rb8 18. Qc1 Nf6 19. a4 h6 20. h4 Rc8 21. Qd2 e4 22. fxe4 fxe4 23. Bxh6 gxh6 24. Qxh6+ Nh7 25. Nxe4 Bf6 26. Ng5 Qe7 27. Ne6 Bc3+ 28. Kd1 Rf6 29. Qe3 Be5 30. Bd3 Rg8 31. Ng5 Nf8 32. Kc2 Bc8 33. Rbf1 Qe8 34. Rxf6 Qxa4+ 35. Kd2 Qxb4+ 36. Ke2 Qb2+ 37. Kf3 Bxf6 38. Qe8 Ng6 39. Qf7 Ne5+ 0-1

[Event "Bergheim op"]
[Site "Bergheim"]
[Date "2003.09.14"]
[Round "6"]
[White "Schuetz, Hans Joachim"]
[Black "Morsch, Andreas"]
[Result "1-0"]
[WhiteElo "1871"]
[BlackElo "1770"]
[PlyCount "76"]
[EventDate "2003.09.11"]
[EventType "swiss"]
[EventRounds "7"]
[EventCountry "GER"]
[SourceTitle "EXT 2006"]
[Source "ChessBase"]
[SourceDate "2005.11.24"]
[SourceVersion "1"]
[SourceVersionDate "2005.11.24"]
[SourceQuality "1"]

1. e4 e6 2. d4 d5 3. Nc3 dxe4 4. Nxe4 Nd7 5. Nf3 Ngf6 6. Ng3 Be7 7. Bd3 0-0 8. 0-0 b6 9. Qe2 Bb7 10. c4 c5 11. Bc2 Qc7 12. b3 Rad8 13. Bb2 cxd4 14. Nxd4 Nc5 15. Rfe1 Rfe8 16. Rad1 a6 17. Nf3 Bxf3 18. Qxf3 h6 19. Be5 Qc8 20. Nh5 Ncd7 21. Bd6 Bxd6 22. Rxd6 Qc5 23. Red1 Nxh5 24. Rxd7 Rxd7 25. Rxd7 Nf6 26. Ra7 a5 27. Qb7 Rf8 28. Bg6 Qe5 29. Bxf7+ Kh8 30. g3 Qe1+ 31. Kg2 Ne4 32. Qxb6 Nd2 33. g4 Qe4+ 34. Kg3 Qf3+ 35. Kh4 Rxf7 36. Rxf7 Qxf7 37. Qd8+ Kh7 38. Qxd2 Qf3 1-0

[Event "Bergheim op"]
[Site "Bergheim"]
[Date "2003.09.13"]
[Round "5"]
[White "Bock, Andreas"]
[Black "Schuetz, Hans Joachim"]
[Result "1-0"]
[WhiteElo "2106"]
[BlackElo "1871"]
[PlyCount "37"]
[EventDate "2003.09.11"]
[EventType "swiss"]
[EventRounds "7"]
[EventCountry "GER"]
[SourceTitle "EXT 2006"]
[Source "ChessBase"]
[SourceDate "2005.11.24"]
[SourceVersion "1"]
[SourceVersionDate "2005.11.24"]
[SourceQuality "1"]

1. e4 e6 2. d4 c5 3. Nf3 cxd4 4. Nxd4 Nc6 5. Nc3 a6 6. Be2 Qc7 7. Be3 Bd6 8. g3 Nge7 9. 0-0 0-0 10. Ndb5 axb5 11. Nxb5 Qa5 12. Nxd6 Qc7 13. Qd2 f5 14. exf5 Nxf5 15. Bf4 g5 16. Nb5 Qb6 17. Bc7 Qc5 18. Qxg5+ Kh8 19. Bd6 1-0

[Event "Bergheim op"]
[Site "Bergheim"]
[Date "2003.09.13"]
[Round "4"]
[White "Schuetz, Hans Joachim"]
[Black "Koellner, Ulrich"]
[Result "1-0"]
[WhiteElo "1871"]
[BlackElo "1687"]
[PlyCount "59"]
[EventDate "2003.09.11"]
[EventType "swiss"]
[EventRounds "7"]
[EventCountry "GER"]
[SourceTitle "EXT 2006"]
[Source "ChessBase"]
[SourceDate "2005.11.24"]
[SourceVersion "1"]
[SourceVersionDate "2005.11.24"]
[SourceQuality "1"]

1. e4 c6 2. d4 d5 3. Nc3 dxe4 4. Nxe4 Nf6 5. Nxf6+ exf6 6. c3 Bd6 7. Bd3 Qc7 8. Qh5 Be6 9. Ne2 Nd7 10. 0-0 0-0-0 11. f4 g6 12. Qh4 Nb6 13. b3 h6 14. c4 g5 15. Qf2 Be7 16. Bb2 Rhg8 17. f5 Bd7 18. Rac1 h5 19. Rfd1 g4 20. d5 h4 21. g3 hxg3 22. hxg3 Rg5 23. d6 Bxd6 24. Bxf6 Rh5 25. Bxd8 Qxd8 26. c5 Qh8 27. Be4 Bxf5 28. Bxf5+ Nd7 29. Bxd7+ Kd8 30. Qg2 1-0

[Event "Bergheim op"]
[Site "Bergheim"]
[Date "2003.09.12"]
[Round "2"]
[White "Schuetz, Hans Joachim"]
[Black "Ott, Herbert"]
[Result "1-0"]
[WhiteElo "1871"]
[BlackElo "1448"]
[PlyCount "57"]
[EventDate "2003.09.11"]
[EventType "swiss"]
[EventRounds "7"]
[EventCountry "GER"]
[SourceTitle "EXT 2006"]
[Source "ChessBase"]
[SourceDate "2005.11.24"]
[SourceVersion "1"]
[SourceVersionDate "2005.11.24"]
[SourceQuality "1"]

1. e4 d5 2. exd5 Qxd5 3. Nc3 Qd8 4. d4 e6 5. Nf3 Nf6 6. Bd3 Be7 7. 0-0 0-0 8. Bf4 a6 9. Qe2 c6 10. Rfe1 Nbd7 11. Rad1 Nb6 12. Ne4 Nbd5 13. Bg5 Ne8 14. c4 Ndf6 15. d5 Qc7 16. Nc3 Bd6 17. dxc6 Qxc6 18. a3 Bd7 19. b4 Qc7 20. Ne4 Nxe4 21. Qxe4 f5 22. Qh4 Nf6 23. c5 Be7 24. Bxf5 Ba4 25. Bxe6+ Kh8 26. Ne5 Be8 27. Bf5 Bd8 28. Bxf6 gxf6 29. Rd7 1-0

[Event "Bergheim op"]
[Site "Bergheim"]
[Date "2003.09.11"]
[Round "1"]
[White "Liebergesell, Andreas"]
[Black "Schuetz, Hans Joachim"]
[Result "1-0"]
[WhiteElo "2248"]
[BlackElo "1871"]
[PlyCount "81"]
[EventDate "2003.09.11"]
[EventType "swiss"]
[EventRounds "7"]
[EventCountry "GER"]
[SourceTitle "EXT 2006"]
[Source "ChessBase"]
[SourceDate "2005.11.24"]
[SourceVersion "1"]
[SourceVersionDate "2005.11.24"]
[SourceQuality "1"]

1. d4 Nf6 2. Nf3 g6 3. c4 c5 4. Nc3 cxd4 5. Nxd4 Nc6 6. Nb3 Bg7 7. g3 d6 8. Bg2 Be6 9. Nd5 Bxd5 10. cxd5 Ne5 11. 0-0 0-0 12. Be3 Nfd7 13. Bd4 b5 14. Rc1 a5 15. e4 a4 16. Na1 Nb6 17. Nc2 Rc8 18. f4 Ned7 19. Bxg7 Kxg7 20. Qd4+ Kg8 21. Nb4 Rc4 22. Rxc4 Nxc4 23. Nc6 Qe8 24. b3 axb3 25. axb3 Ncb6 26. Ra1 e6 27. dxe6 Qxe6 28. Ra6 Nc8 29. b4 Qc4 30. Bf1 Qxd4+ 31. Nxd4 Nf6 32. Bd3 Re8 33. Nxb5 Nxe4 34. Bxe4 Rxe4 35. Ra8 Re8 36. Na7 Nxa7 37. Rxe8+ Kg7 38. Rb8 Kf6 39. b5 Ke6 40. b6 Nc6 41. Rc8 1-0

[Event "Goch op 13th"]
[Site "Goch"]
[Date "2002.10.05"]
[Round "5"]
[White "Schuetz, Hans Joachim"]
[Black "Peters, Alex"]
[Result "0-1"]
[WhiteElo "2035"]
[BlackElo "2130"]
[PlyCount "102"]
[EventDate "2002.10.03"]
[EventType "swiss"]
[EventRounds "7"]
[EventCountry "GER"]
[SourceTitle "EXT 2004"]
[Source "ChessBase"]
[SourceDate "2003.11.25"]
[SourceVersion "1"]
[SourceVersionDate "2003.11.25"]
[SourceQuality "1"]

1. e4 Nf6 2. e5 Nd5 3. d4 d6 4. c4 Nb6 5. exd6 cxd6 6. Nf3 Bg4 7. Be2 e6 8. Nc3 Be7 9. Be3 0-0 10. b3 d5 11. c5 Bxf3 12. Bxf3 Nc8 13. b4 Nc6 14. Rb1 Bf6 15. 0-0 N8e7 16. b5 Na5 17. Re1 Nf5 18. Qd3 Nxe3 19. Rxe3 Nc4 20. Ree1 b6 21. c6 Qd6 22. g3 a6 23. a4 axb5 24. axb5 Ra3 25. Bg2 Rfa8 26. f4 g6 27. Red1 Kf8 28. Kh1 Ke8 29. Re1 Kd8 30. Kg1 Kc7 31. Kh1 Kd8 32. Kg1 Ke8 33. Kh1 Kf8 34. Kg1 Qc7 35. Kh1 R8a5 36. Rec1 h5 37. Kg1 Nd6 38. Qd2 Nf5 39. Rb4 Be7 40. Rbb1 Bd6 41. Kh1 h4 42. Qf2 hxg3 43. hxg3 Ra8 44. Bh3 Ng7 45. Kg2 Ne8 46. Qd2 Qe7 47. f5 gxf5 48. Qh6+ Kg8 49. Bxf5 exf5 50. Nxd5 Qe4+ 51. Kf1 Qxd5 0-1